[Event "Frankfurt Ch 2014"]
[Site "Ffm-Höchst, BiKuZ"]
[Date "2014.05.05"]
[Round "2.55"]
[White "Lehmann, Gerit"]
[Black "Jung, Bernd"]
[Result "0-1"]
[WhiteElo "1492"]
[BlackElo "1618"]
[PlyCount "110"]
[EventDate "2014.??.??"]
[WhiteTeam "SF Frankfurt 1921"]
[BlackTeam "Sfr.Erbach"]

1. d4 d5 2. c4 e6 3. Nc3 c5 4. cxd5 exd5 5. Nf3 Nc6 6. Bf4 Be6 7. e3 Nf6 8. h3
Be7 9. Ne5 O-O 10. Be2 Rc8 11. O-O Re8 12. Bb5 a6 13. Nxc6 bxc6 14. Bxa6 Ra8
15. Bb7 Ra7 16. Bxc6 Rf8 17. Ba4 Qc8 18. Rc1 Bxh3 19. Qf3 Bg4 20. Qg3 Ra6 21.
f3 Bh5 22. dxc5 Bxc5 23. Rfd1 Bg6 24. Qe1 Nh5 25. Be5 Qe6 26. Rxd5 Bb4 27. Bb3
Qe7 28. a3 Ba5 29. Rcd1 Nf6 30. Bd6 Qb7 31. Bxf8 Qxb3 32. Bb4 Nxd5 33. Rxd5
Bxb4 34. axb4 Ra8 35. Qd2 h6 36. b5 Kh7 37. e4 Rb8 38. f4 f6 39. e5 fxe5 40.
fxe5 Bf7 41. Rc5 Qb4 42. Rc7 Rf8 43. Qd6 Qh4 44. Qd3+ Bg6 45. Qh3 Qe1+ 46. Kh2
Rf1 47. Rxg7+ Kxg7 48. Qd7+ Rf7 49. Qd4 Kh7 50. b6 Rf1 51. Qd7+ Bf7 52. Qd3+
Kg8 53. Qd8+ Kg7 54. Kh3 Be6+ 55. g4 Rf3+ 0-1

[Event "Frankfurt Ch 2014"]
[Site "Ffm-Höchst, BiKuZ"]
[Date "2014.05.05"]
[Round "2.56"]
[White "Jeß, Geralf"]
[Black "Dümmler, Rudolf"]
[Result "1-0"]
[WhiteElo "1611"]
[BlackElo "1170"]
[PlyCount "115"]
[EventDate "2014.??.??"]
[WhiteTeam "SC Matt im Park Ffm"]
[BlackTeam "SAbt TuS Makkabi Ffm"]

1. e4 e6 2. d4 d5 3. e5 c5 4. c3 cxd4 5. cxd4 Nc6 6. a3 Nge7 7. b4 Bd7 8. Nf3
h6 9. Bd3 Qb6 10. Be3 Nf5 11. Bxf5 exf5 12. O-O Be7 13. Nc3 Be6 14. Na4 Qc7 15.
Rc1 a6 16. Nc5 Bxc5 17. Rxc5 O-O 18. Qd3 Rac8 19. Rfc1 Qd7 20. Ne1 Na7 21. Nc2
Rc6 22. Bd2 Rfc8 23. Ne3 b6 24. Rxc6 Rxc6 25. Rxc6 Nxc6 26. Qxa6 Nxd4 27. Qxb6
Nc6 28. f4 d4 29. Nf1 Qd5 30. b5 Ne7 31. a4 Qe4 32. Ng3 Qc2 33. Qxd4 Ng6 34. a5
Bc4 35. b6 Ba6 36. Be1 Qb1 37. Kf2 Kh7 38. Ne2 Qb5 39. Qe3 h5 40. Bd2 Qb1 41.
Qc5 Qd1 42. Qe3 Qh1 43. Ng1 Nh4 44. Qh3 Bb7 45. Nf3 Nxf3 46. gxf3 g6 47. Be1
Kg7 48. Qg2 Qxg2+ 49. Kxg2 Kf8 50. Kf2 Ke7 51. Ke3 Kd7 52. Kd4 Kc6 53. e6 fxe6
54. Ke5 Kd7 55. Kf6 Kd6 56. Kxg6 Bxf3 57. a6 Kc6 58. b7 1-0

[Event "Frankfurt Ch 2014"]
[Site "Ffm-Höchst, BiKuZ"]
[Date "2014.05.05"]
[Round "2.57"]
[White "Friedel, Thomas"]
[Black "Krischak, Werner"]
[Result "0-1"]
[WhiteElo "1447"]
[BlackElo "1609"]
[PlyCount "80"]
[EventDate "2014.??.??"]
[WhiteTeam "SV 1946 Groß-Gerau"]
[BlackTeam "SK Marburg 1931/72"]

1. e4 c6 2. d4 d5 3. e5 Bf5 4. Nf3 e6 5. Be3 Nd7 6. Be2 Qc7 7. O-O c5 8. c3 Ne7
9. Bb5 c4 10. Qa4 Nc8 11. Bxd7+ Qxd7 12. Qxd7+ Kxd7 13. Nbd2 b5 14. b4 Nb6 15.
Nh4 Bd3 16. Rfc1 Be7 17. Nhf3 h6 18. Nf1 a5 19. a3 Ra7 20. Bd2 Rha8 21. Ne1
Bxf1 22. Kxf1 axb4 23. cxb4 Rxa3 24. Rxa3 Rxa3 25. Nc2 Ra2 26. Ke2 Na4 27. g3
Rb2 28. Kd1 Rb3 29. Ra1 c3 30. Be1 Bxb4 31. Ke2 Ba5 32. Kd3 Kc7 33. Ne3 Kb6 34.
Ra2 Ka6 35. Nc2 Nb2+ 36. Ke2 Nc4 37. Kd3 Kb6 38. f4 b4 39. Na1 Rb2 40. Rxb2
cxb2 0-1

[Event "Frankfurt Ch 2014"]
[Site "Ffm-Höchst, BiKuZ"]
[Date "2014.05.05"]
[Round "2.58"]
[White "Lessmann, Sven"]
[Black "Muthig, Holger"]
[Result "1-0"]
[WhiteElo "1365"]
[BlackElo "1588"]
[PlyCount "45"]
[EventDate "2014.??.??"]
[WhiteTeam "SC Bad Soden"]
[BlackTeam "vereinslos"]

1. d4 d5 2. c4 e6 3. Nc3 Nf6 4. Bg5 Be7 5. Nf3 O-O 6. e3 b6 7. Be2 Bb7 8. O-O
Nbd7 9. Rc1 Rc8 10. cxd5 Nxd5 11. Bxe7 Qxe7 12. Bd3 c5 13. Qa4 cxd4 14. Nxd5
Bxd5 15. Nxd4 Qg5 16. g3 Nc5 17. Qc2 Nxd3 18. Qxc8 Nxc1 19. Rxc1 e5 20. h4 Qg6
21. Nf5 Qf6 22. Qxf8+ Kxf8 23. Rc8+ 1-0